| 000 | 00716cam a22002531i 4500 | ||
|---|---|---|---|
| 999 |
_c6034 _d6034 |
||
| 001 | 6034 | ||
| 003 | BD-JhCC | ||
| 005 | 20180101121149.0 | ||
| 008 | 770512s1954 enk 000 0 eng | ||
| 035 | _a(BD-JhCC)6034 | ||
| 040 |
_aDLC _cMNoW _dOCoLC _dUk _dDLC |
||
| 041 | _aeng | ||
| 082 |
_a823.912 _bSOM 1954 |
||
| 100 | 1 |
_aMaugham, W. Somerset _q(William Somerset), _d1874-1965. |
|
| 245 | 1 | 4 |
_aThe partial view / _cby W. Somerset Maugham. |
| 260 |
_aLondon : _bHeinemann, _c1954. |
||
| 300 |
_axii, 183, 292 p. ; _c21 cm. |
||
| 505 | 0 | _aThe summing-up.--A writer's notebook. | |
| 650 | _aNovel, English | ||
| 740 | 4 | _aThe summing up. | |
| 740 | 2 | _aA writer's notebook. | |
| 942 |
_2ddc _cBK |
||